000 01095nam a22002537a 4500
005 20170124102936.0
010 _aA-573870
020 _c40.00
_a8171660169
035 _aA-573870
037 _bCen Lib/Ret
040 _aDPL
_bHN
082 _a827
_bवर्मादे
100 _aवर्मा, देवेन्द्र
_946508
245 _aकान्हा बैरी भयो ! /
_cदेवेन्द्र वर्मा
246 _aKanha bairi bhayo ! /
_bby Devendra Varma
260 _aदिल्ली
_bआरo केo बुक्स
_c1992
270 _bदिल्ली
_a1539, गली रामकृष्ण मार्किट, गाँधी नगर
_e110031
300 _a127पृ.
_c16सेमी(सजिल्द)
650 _aहिन्दी साहित्य
_946509
650 _aहिन्दी साहित्य -- कहानियां
_946510
650 _aHindi literature
_946511
650 _aHindi literature -- Stories
_946512
942 _2ddc
_cHN
_h827
_mवर्मादे
999 _c112244
_d112244